| 000 | 00765nam a2200181 i 4500 | ||
|---|---|---|---|
| 001 | 84115 | ||
| 003 | ES-MaACL | ||
| 007 | t| | ||
| 008 | 041119s1983 sp ||||1| spa d | ||
| 100 | 1 |
_aIzquierdo Benito, Ricardo. _965720 |
|
| 245 | 1 | 0 |
_aReconquista y repoblación de la tierra toledana / _cRicardo Izquierdo Benito. |
| 260 |
_aToledo : _bInstituto Provincial de Investigaciones y Estudios Toledanos, _c1983. |
||
| 300 |
_a45 p. : _bil. ; _c21 cm. |
||
| 490 | 1 |
_aPublicaciones del Instituto Provincial de Investigaciones y Estudios Toledanos. Serie VI. Temas toledanos ; _v29 |
|
| 830 | 0 | 0 |
_aPublicaciones del Instituto Provincial de Investigaciones y Estudios Toledanos _v29 _9242140 |
| 852 |
_aES-MaACL _jL-6318 _bR.106563 |
||
| 999 |
_c84115 _d84115 |
||